Score 0/11 Timer 01:00
0 Plays Today
Clue 4-Letter Word % Correct
Action after deciding one side of a pancake is doneFLIP
94.5%
Move, like the wing of a birdFLAP/FLIT
92.6%
The rhythm to a songBEAT
91.1%
Slide unintentionallySLIP
90.9%
Opposite of roundFLAT
90.5%
Titanic or the S.S. Minnow, e.g.BOAT
89.4%
A great achievement FEAT
87.7%
JacketCOAT
87%
Trim with scissorsSNIP
71%
• Relative of a button or zipper ••SNAP•
63.6%
• A feline animal, in French ••CHAT•
55%

Today's Daily Dose

Word Ladder
Athletics

Remove Ads.
Support Sporcle.
Get the best of Sporcle when you Go Orange. This ad-free experience offers more features, more stats, and more fun while also helping to support Sporcle. Thank you for becoming a member.

You're not logged in!

Compare scores with friends on all Sporcle quizzes.
OR
Log In

Show Comments

Extras

Top Quizzes Today


Score Distribution

Your Account Isn't Verified!

In order to create a playlist on Sporcle, you need to verify the email address you used during registration. Go to your Sporcle Settings to finish the process.

Report this User

Report this user for behavior that violates our Community Guidelines.

Details: